The rivall friends : A comœdie, as it was acted before the King and Queens Maiesties, when out of their princely favour they were pleased to visite their Vniversitie of Cambridge, upon the 19. day of March. 1631. Cryed downe by boyes, faction, envie, and confident ignorance, approv'd by the judicious, and now exposed to the publique censure, by the author, Pet. Hausted Mr. in Artes of Queenes Colledge.

Bibliographic Details
Main Author: Hausted, Peter, d. 1645
Format: eBook
Language:English
Published: London : printed by Aug. Matthewes for Humphrey Robinson, at the signe of the three Pidgeons in Pauls Church-yard, 1632.
Series:Early English books online.
Online Access:Connect to the full text of this electronic book

MARC

Tag First Indicator Second Indicator Subfields
LEADER 00000nam a2200000Ia 4500
001 in00004173913
005 20200807083626.0
006 m g d
007 cr bn |||a|bb|
008 930604s1632 enk o 00| | eng d
035 |a (UnM)99900248 
037 |a CL0036000061  |b ProQuest. 789 E. Eisenhower Parkway, Ann Arbor, MI 48108-3218 
040 |a Cu-RivES  |c Cu-RivES  |d CStRLIN  |d Cu-RivES  |e dcrb  |d WaOLN 
100 1 |a Hausted, Peter,  |d d. 1645. 
245 1 4 |a The rivall friends :  |b A comœdie, as it was acted before the King and Queens Maiesties, when out of their princely favour they were pleased to visite their Vniversitie of Cambridge, upon the 19. day of March. 1631. Cryed downe by boyes, faction, envie, and confident ignorance, approv'd by the judicious, and now exposed to the publique censure, by the author, Pet. Hausted Mr. in Artes of Queenes Colledge. 
260 |a London :  |b printed by Aug. Matthewes for Humphrey Robinson, at the signe of the three Pidgeons in Pauls Church-yard,  |c 1632. 
300 |a 1 online resource ([112] pages) 
336 |a text  |b txt  |2 rdacontent 
337 |a computer  |b c  |2 rdamedia 
338 |a online resource  |b cr  |2 rdacarrier 
500 |a Partly in verse. 
500 |a Signatures: A-O⁴. 
500 |a The last leaf is blank. 
500 |a Reproduction of original in the Henry E. Huntington Library and Art Gallery, San Marino, California. 
510 4 |a STC (2nd edition)  |c 12935 
510 4 |a Greg  |c II, 465 
510 4 |a Pforzheimer  |c 454 
533 |a Electronic reproduction.  |b Ann Arbor, Mich. :  |c UMI,  |d 1999-  |f (Early English books online)  |n Digital version of: (Early English books, 1475-1640 ; 1960:4)  |7 s1999 miun s 
830 0 |a Early English books online. 
856 4 0 |u http://proxy.library.tamu.edu/login?url=https://search.proquest.com/docview/2240877803  |z Connect to the full text of this electronic book  |t 0 
999 f f |s faf1c0cf-80c1-3b4d-ac02-a3a716ec48ab  |i 5905e378-89c0-3e56-a75e-d8a3e617ef6b  |t 0 
952 f f |a Texas A&M University  |b College Station  |c Electronic Resources  |d Available Online  |t 0  |h No information provided 
998 f f |t 0  |l Available Online